Chile y Bolivia: hasta cuándo
Сохранить в:
| Главный автор: | |
|---|---|
| Формат: | |
| Язык: | испанский |
| Опубликовано: |
Santiago
LOM Ediciones
2004
|
| Редактирование: | 1a. ed |
| Предметы: | |
| Метки: |
Добавить метку
Нет меток, Требуется 1-ая метка записи!
|
MARC
| LEADER | 00000nam a2200000 a 4500 | ||
|---|---|---|---|
| 001 | UCJ8817 | ||
| 003 | CL-VaPUC | ||
| 008 | 070124e20040000CL |||||||||||||||||spa|d | ||
| 020 | |a 9562826929 | ||
| 082 | 0 | 4 | |a 327.83 |b PIN |2 21 |
| 100 | 0 | |a Pinochet de la Barra, Oscar |e author |9 518122 | |
| 245 | 1 | 0 | |a Chile y Bolivia: hasta cuándo |
| 250 | |a 1a. ed | ||
| 300 | |a 125 p | ||
| 942 | |c BK | ||
| 945 | |d 20070124 00:00:00 |a fvergara | ||
| 260 | |a Santiago |b LOM Ediciones |c 2004 | ||
| 500 | |a El autor es historiador, diplomático y escritor de nuemerosos libros, ensayos, novelas, antologías, poesías y artículos de prensa y revistas especializadas | ||
| 500 | |a El libro muestra documentadamente la historia de las negociaciones frustradas entre ambos países | ||
| 650 | 0 | |a Relaciones Internacionales |9 255740 | |
| 650 | 0 | |a Política exterior |9 316628 | |
| 650 | 0 | |a Tratados internacionales |9 256056 | |
| 650 | 0 | |a Diplomacia |9 256483 | |
| 650 | 0 | |a Presidentes |9 255176 | |
| 650 | 7 | |a MINISTROS |2 CL-VaPUC |9 377807 | |
| 650 | 0 | |a Historia de Chile |9 322385 | |
| 651 | 7 | |a CHILE |2 CL-VaPUC |9 518123 | |
| 651 | 0 | |a Bolivia |9 255454 | |
| 651 | 0 | |a Perú |9 256567 | |
| 651 | 0 | |a Arica |9 309332 | |
| 651 | 7 | |a TACNA |2 CL-VaPUC |9 314889 | |
| 651 | 7 | |a TARAPACA |2 CL-VaPUC |9 268304 | |
| 583 | |a last modification |c 20160829 04:29:01 |k Rodrigo Vera | ||
| 999 | |c 324466 |d 324464 | ||
| 952 | |0 0 |1 0 |4 0 |6 327_830000000000000_PIN_2004 |7 0 |8 X |9 404665 |a FDOBUD |b FDOBUD |d 2019-11-22 |i 108433K |o 327.83 PIN 2004 |p 108433K |r 2019-11-22 |w 2019-11-22 |y BK_X |k BUD | ||